| 000 | 01055nas a2200337 4500 | ||
|---|---|---|---|
| 001 | BR0604395 | ||
| 003 | BR-BrBNA | ||
| 005 | 20231205110353.0 | ||
| 007 | ta | ||
| 008 | 230509b bl.|||p| |||| 00| 00por d | ||
| 040 |
_aBR-BrBNA _bpor _cBiblioteca Nacional de Agricultura |
||
| 041 | _a(Pt) | ||
| 072 | _aL52; L01 | ||
| 100 | 1 | _aRodrigues, C.A.F. | |
| 100 | 1 | _aRodrigues, M.T. | |
| 100 | 1 | _aBranco, R.H. | |
| 100 | 1 | _aQueiroz, A.C. de | |
| 100 | 1 | _aAraújo, C.V. de | |
| 245 | 1 | _aInfluência da condição corporal e da concentração de energia nas dietas no periparto sobre o desempenho de cabras em lactação | |
| 650 | _aCABRA | ||
| 650 | _aPÓS-PARTO | ||
| 650 | _aCONDIÇÃO CORPORAL | ||
| 650 | _aDIETA | ||
| 650 | _aÁCIDO GRAXO | ||
| 650 | _aLACTAÇÃO | ||
| 650 | _aCOMPOSIÇÃO DE ALIMENTO | ||
| 650 | _aPRODUÇÃO LEITEIRA | ||
| 773 | 0 |
_tRevista Brasileira de Zootecnia (Brazil) _xISSN 1516-3598 _g(Jul-Aug 2006), v. 35(4) p. 1560-1567 _wBR0604395 |
|
| 909 |
_a202311 _bLúcia _c55 _dLúcia Elande |
||
| 942 |
_2AGRIS _n0 _cANA |
||
| 999 |
_c187136 _d187136 |
||